Statystyki dla Kształty państw „pod wodą"

Kliknij tutaj aby rozwiązać quiz!

Ogólne statystyki

  • Ten quiz został rozwiązany 217 razy
  • Średni wynik to 9 z 12

Odpowiedzi na mapie

Odpowiedzi skodowane kolorowo w zielono-czerwonej skali na mapie do tego quizu, zgodnie z poniższymi procentami.
 

Statystyki odpowiedzi

Kraj% Poprawnych
Norwegia
93%
Austria
88%
Wietnam
88%
Maroko
82%
Mali
80%
Mongolia
80%
Papua-Nowa Gwinea
78%
Peru
74%
Panama
71%
Iran
68%
Portugalia
65%
Algieria
51%

Rozkład punktacji

Percentyl według liczby udzielonych odpowiedzi

Procent ludzi z każdym wynikiem

Twoja historia wyników

Nie rozwiązałeś tego quizu